000 00470nam a22001811a 4500
001 1505
003 OSt
005 20260204211736.0
008 040119s1994||||dr ||||||b||||||||||spa||
050 _aRD 348.023 T612e
082 _aRD348.023 T612e
100 _aTono S., Luis E.
245 _aEnciclopedia tributaria / Luis E. Tono S.
264 _aSanto Domingo : Corripio
300 _a264 p.
650 _a1.Código Tributario 2.Derecho-CódigoÌ
942 _2ddc
_cBK
999 _c1505
_d1505